Composite steel structures : (Record no. 542543)
[ view plain ]
| 000 -LEADER | |
|---|---|
| fixed length control field | 01019cam a2200217 a 4500 |
| 020 ## - INTERNATIONAL STANDARD BOOK NUMBER | |
| International Standard Book Number | 1851661220 : |
| 082 00 - DEWEY DECIMAL CLASSIFICATION NUMBER | |
| Classification number | 624.1/821 |
| Author Mark | COM |
| -- | L-20, P-178 |
| 100 ## - MAIN ENTRY--PERSONAL NAME | |
| Personal name | Narayanan, R |
| 9 (RLIN) | 37728 |
| 245 00 - TITLE STATEMENT | |
| Title | Composite steel structures : |
| Remainder of title | advances, design, and construction / |
| Statement of responsibility, etc. | edited by R. Narayanan. |
| 260 ## - PUBLICATION, DISTRIBUTION, ETC. | |
| Place of publication, distribution, etc. | London ; |
| -- | New York : |
| Name of publisher, distributor, etc. | Elsevier Applied Science : |
| -- | Sole distributor in the USA and Canada, Elsevier Science Pub. Co., |
| Date of publication, distribution, etc. | c1987. |
| 300 ## - PHYSICAL DESCRIPTION | |
| Extent | viii, 178 p. : |
| Other physical details | ill. ; |
| Dimensions | 23 cm. |
| 500 ## - GENERAL NOTE | |
| General note | "Organised by the Department of Civil and Structural Engineering, University College, Cardiff"--Pref. |
| 500 ## - GENERAL NOTE | |
| General note | "Proceedings of the International Conference on Steel and Aluminum Structures, Cardiff, UK, 8-10 July 1987"--P. ii. |
| 526 ## - STUDY PROGRAM INFORMATION NOTE | |
| Program name | 0 |
| Interest level | 0 |
| Reading level | 0 |
| Title point value | 624_182100000000000_COM |
| 650 #0 - SUBJECT ADDED ENTRY--TOPICAL TERM | |
| Topical term or geographic name entry element | Building, Iron and steel |
| General subdivision | Congresses. |
| 9 (RLIN) | 37729 |
| 650 #0 - SUBJECT ADDED ENTRY--TOPICAL TERM | |
| Topical term or geographic name entry element | Composite construction |
| General subdivision | Congresses. |
| 9 (RLIN) | 37730 |
| 650 #0 - SUBJECT ADDED ENTRY--TOPICAL TERM | |
| Topical term or geographic name entry element | MCE |
| 9 (RLIN) | 379 |
| 700 1# - ADDED ENTRY--PERSONAL NAME | |
| Personal name | Narayanan, R. |
| 9 (RLIN) | 37728 |
| 710 2# - ADDED ENTRY--CORPORATE NAME | |
| Corporate name or jurisdiction name as entry element | University College, Cardiff. |
| 9 (RLIN) | 37731 |
| 942 ## - ADDED ENTRY ELEMENTS (KOHA) | |
| Source of classification or shelving scheme | |
| Koha item type | Book |
| Withdrawn status | Lost status | Source of classification or shelving scheme | Damaged status | Not for loan | Permanent Location | Current Location | Date acquired | Total Checkouts | Full call number | Barcode | Date last seen | Price effective from | Koha item type |
|---|---|---|---|---|---|---|---|---|---|---|---|---|---|
| Military College of Engineering (MCE) | Military College of Engineering (MCE) | 01/31/2014 | 624.1/821 COM | MCE-27565 | 01/31/2014 | 01/31/2014 | Book |
